Soutěžní compliance a nový mezinárodní standard ISO 37301:2021

Štandardizácia a certifikácia súťažnej compliance. Predchádzajúce snahy o štandardizáciu. ISO 37301:2021 a jeho význam pre ČR a SR.

Saved in:
Bibliographic Details
Main Author: Koukal, Pavel
Format: Book Chapter
Language:Czech
Subjects:
Tags: Add Tag
No Tags, Be the first to tag this record!

MARC

LEADER 00000naa a2200000 4500
001 0277808
005 20210812095113.8
041 0 |a cze 
044 |a CZ 
245 1 0 |a Soutěžní compliance a nový mezinárodní standard ISO 37301:2021  |c Pavel Koukal 
520 |a Štandardizácia a certifikácia súťažnej compliance. Predchádzajúce snahy o štandardizáciu. ISO 37301:2021 a jeho význam pre ČR a SR. 
610 2 0 |a súťaž hospodárska 
610 2 0 |a štandardy 
610 2 0 |a certifikácia 
610 2 0 |a Česko 
610 2 0 |a Slovensko 
100 1 |a Koukal, Pavel